000 01298nam a22003617a 4500
003 CHAP
005 20220817042335.0
008 971013s1994 r 00010 d
010 _a41402
011 _a42374
035 _a46503
040 _cCHAP
082 _a317.2
_bI56 1994
110 _aInstituto Nacional de Estadística, Geografía e Informática. México
_959304
245 _aCensos económicos 1994 resultados oportunos
260 _aAguascalientes, Ags. :
_bINEGI,
_c1994-
300 _av.
500 _av.1 Tabulados básicos -- v.2 Imágenes Económicas
590 _aBATCH-UPD
_b10
_c20130110
_lUCH01
_h0929
590 _aBATCH-UPD
_b10
_c20130410
_lUCH01
_h0548
590 _aBATCH-UPD
_b10
_c20130914
_lUCH01
_h1633
590 _aCONVERSION
_b10
_c20130109
_lUCH01
_h1323
650 1 4 _aIndustria
_xEstadísticas.
_957704
650 1 4 _aIndustria
_xMéxico.
_957751
650 1 4 _aMéxico
_xCensos (1994)
_976662
650 1 4 _aMéxico
_xCondiciones económicas.
650 1 4 _aMéxico
_xEstadísticas.
_976743
650 1 4 _aTrabajo y trabajadores
_xEstadísticas.
_9114522
901 _aBK
942 _cLIBRO
949 _a317.2 I56 1994
_bBC
_cINEGI
_d33724000487583
_eINEGI
_fv.2
_h89002
_i46503
_sb
949 _a317.2 I56 1994
_bBC
_cINEGI
_d33724000487633
_eINEGI
_fv.1
_h88709
_i46503
_mD
_sb
999 _c41402
_d41402